<?xml version="1.0" encoding="UTF-8"?>
<record
    xmlns:xsi="http://www.w3.org/2001/XMLSchema-instance"
    xsi:schemaLocation="http://www.loc.gov/MARC21/slim http://www.loc.gov/standards/marcxml/schema/MARC21slim.xsd"
    xmlns="http://www.loc.gov/MARC21/slim">

  <leader>04275cam a2200433Ii 4500</leader>
  <controlfield tag="003">OCoLC</controlfield>
  <controlfield tag="005">20240806102002.0</controlfield>
  <controlfield tag="008">210504s2021    sz a    ob    001 0 eng d</controlfield>
  <datafield tag="020" ind1=" " ind2=" ">
    <subfield code="a">9783030665876</subfield>
  </datafield>
  <datafield tag="020" ind1=" " ind2=" ">
    <subfield code="a">3030665879</subfield>
  </datafield>
  <datafield tag="020" ind1=" " ind2=" ">
    <subfield code="z">3030665860</subfield>
  </datafield>
  <datafield tag="020" ind1=" " ind2=" ">
    <subfield code="z">9783030665869</subfield>
  </datafield>
  <datafield tag="041" ind1=" " ind2=" ">
    <subfield code="a">English</subfield>
  </datafield>
  <datafield tag="049" ind1=" " ind2=" ">
    <subfield code="a">MAIN</subfield>
  </datafield>
  <datafield tag="072" ind1=" " ind2="7">
    <subfield code="a">PST</subfield>
    <subfield code="2">bicssc</subfield>
  </datafield>
  <datafield tag="072" ind1=" " ind2="7">
    <subfield code="a">SCI011000</subfield>
    <subfield code="2">bisacsh</subfield>
  </datafield>
  <datafield tag="072" ind1=" " ind2="7">
    <subfield code="a">PST</subfield>
    <subfield code="2">thema</subfield>
  </datafield>
  <datafield tag="082" ind1="0" ind2="4">
    <subfield code="a">571.82</subfield>
    <subfield code="2">23</subfield>
    <subfield code="b">MOH</subfield>
  </datafield>
  <datafield tag="245" ind1="0" ind2="0">
    <subfield code="a">Plant growth-promoting microbes for sustainable biotic and abiotic stress management /</subfield>
    <subfield code="c">Heba I. Mohamed, Hossam El-Din Saad El-Beltagi, Kamel A. Abd-Elsalam, editors.</subfield>
  </datafield>
  <datafield tag="300" ind1=" " ind2=" ">
    <subfield code="a">1 online resource (xv, 672 pages) :</subfield>
    <subfield code="b">illustrations (some color)</subfield>
  </datafield>
  <datafield tag="504" ind1=" " ind2=" ">
    <subfield code="a">Includes bibliographical references and index.</subfield>
  </datafield>
  <datafield tag="505" ind1="0" ind2=" ">
    <subfield code="a">Cyanobacteria and algae as biocontrol agents against fungal and bacterial plant pathogens -- Plant Growth Promoting Rhizobacteria in Amelioration of Abiotic Stresses: A Functional Interplay and Prospective -- Seaweeds as indicators and potential remediators of metal pollution -- Role of microorganisms in managing soil fertility and plant nutrition in sustainable agriculture -- Role of endophytic bacteria in alleviation of heavy metals from an ecosystem -- Microbial enzymes and soil health -- Pseudomonas as plant growth promoting bacteria and its role in alleviation abiotic stress -- Plant growth promoting Rhizobacteria (PGPR) as biocontrol agents against viral protection -- Potential Role of Endophytes in Weeds and Herbicide Tolerance in Plants -- The auspicious role of promoting plant growth of rhizobacteria in the sustainable management of plant diseases -- Microbial bioactive compounds produced by bacteria and fungi and uses in plant health -- Biosynthesis of Nanoparticles by Microorganisms and Applications in Plant Stress Control -- Nano-enabled approaches for the suitable delivery of fertilizer and pesticide for plant growth -- Production of plant hormones from algae and its relation to plant growth -- Role of Trichoderma in agriculture and disease management -- Production of antibiotics from plant growth promoting bacteria and their role in biocontrol of plant diseases -- Role of Phosphate-Solubilising Microorganisms in Agricultural Development -- Cyanobacteria as biofertilizer and its effect under biotic stress -- Microorganism: A potent biological tool to combat Insects and herbivores -- Eco-friendly approaches for the alleviation of root-knot nematodes -- Rhizosphere, Rhizosphere Biology and Rhizospheric Engineering -- Microbial enzymes and role in phytoremidation.</subfield>
  </datafield>
  <datafield tag="506" ind1=" " ind2=" ">
    <subfield code="a">Access restricted to subscribing institutions.</subfield>
  </datafield>
  <datafield tag="520" ind1=" " ind2=" ">
    <subfield code="a">Abiotic and biotic stress factors including drought, salinity, waterlog, temperature extremes, mineral nutrients, heavy metals, plant diseases, nematodes, viruses, and diseases, adversely affect growth as well as yield of crop plants worldwide. Plant growth promoting microorganisms (PGPM) are receiving increasing attention from agronomists and environmentalists as candidates to develop an effective, eco-friendly, and sustainable alternative to conventional agricultural (e.g., chemical fertilizers and pesticide) and remediation (e.g., chelators-enhanced phytoremediation) methods employed to deal with climate change-induced stresses. Recent studies have shown that plant growth promoting bacteria (PGPB), rhizobia, arbuscular mycorrhizal fungi (AMF), cyanobacteria have great potentials in the management of various agricultural and environmental problems. Our intention for this book is to provide up-to-date knowledge of biofertilizer and the roles of microorganisms in plant health, with specific emphasis on the mitigating strategies to combat plant stresses.</subfield>
  </datafield>
  <datafield tag="650" ind1=" " ind2="0">
    <subfield code="a">Growth (Plants)</subfield>
  </datafield>
  <datafield tag="650" ind1=" " ind2="0">
    <subfield code="a">Plant growth promoting substances.</subfield>
  </datafield>
  <datafield tag="650" ind1=" " ind2="0">
    <subfield code="a">Microorganisms.</subfield>
  </datafield>
  <datafield tag="650" ind1=" " ind2="0">
    <subfield code="x">Molecular aspects.</subfield>
  </datafield>
  <datafield tag="700" ind1="1" ind2=" ">
    <subfield code="a">Mohamed, Heba I.,</subfield>
  </datafield>
  <datafield tag="700" ind1="1" ind2=" ">
    <subfield code="a">El-Beltagi, Hossam El-Din Saad,</subfield>
  </datafield>
  <datafield tag="700" ind1="1" ind2=" ">
    <subfield code="a">Abd-Elsalam, Kamel,</subfield>
  </datafield>
  <datafield tag="700" ind1="1" ind2=" ">
    <subfield code="e">editor.</subfield>
  </datafield>
  <datafield tag="700" ind1="1" ind2=" ">
    <subfield code="e">editor.</subfield>
  </datafield>
  <datafield tag="700" ind1="1" ind2=" ">
    <subfield code="d">1969-</subfield>
    <subfield code="e">editor.</subfield>
  </datafield>
  <datafield tag="856" ind1="4" ind2="0">
    <subfield code="u">https://ezproxy.lib.gla.ac.uk/login?url=https://link.springer.com/10.1007/978-3-030-66587-6</subfield>
  </datafield>
  <datafield tag="856" ind1="4" ind2="0">
    <subfield code="z">Connect to e-book</subfield>
  </datafield>
  <datafield tag="907" ind1=" " ind2=" ">
    <subfield code="a">.b37699933</subfield>
  </datafield>
  <datafield tag="942" ind1=" " ind2=" ">
    <subfield code="2">ddc</subfield>
    <subfield code="c">BOOKS</subfield>
  </datafield>
  <datafield tag="999" ind1=" " ind2=" ">
    <subfield code="c">43312</subfield>
    <subfield code="d">43312</subfield>
  </datafield>
  <datafield tag="952" ind1=" " ind2=" ">
    <subfield code="0">0</subfield>
    <subfield code="1">0</subfield>
    <subfield code="2">ddc</subfield>
    <subfield code="4">0</subfield>
    <subfield code="7">0</subfield>
    <subfield code="8">NFIC</subfield>
    <subfield code="a">CUTN</subfield>
    <subfield code="b">CUTN</subfield>
    <subfield code="c">500</subfield>
    <subfield code="d">2024-08-06</subfield>
    <subfield code="l">0</subfield>
    <subfield code="o">571.82 MOH</subfield>
    <subfield code="p">49564</subfield>
    <subfield code="r">2024-08-06 10:20:36</subfield>
    <subfield code="w">2024-08-06</subfield>
    <subfield code="y">BOOKS</subfield>
  </datafield>
</record>
